Skład mistrzów świata z 2022 roku. - Statystyki

Ogólne statystyki
  • Ten quiz został rozwiązany 164 razy
  • Średni wynik to 8 z 11
Statystyki odpowiedzi
# Zawodnik pozycja % Poprawnych
10 Lionel Messi PS
99%
23 Emiliano Martinez BR
96%
11 Angel Di Maria LS
91%
9 Julian Alvarez N
81%
19 Nicolas Otamendi ŚO
76%
24 Enzo Fernandez ŚP
70%
7 Rodrigo de Paul ŚP
66%
20 Alexis MacAllister ŚP
64%
3 Nicolas Tagliafico LO
55%
13 Cristian Romero ŚO
54%
26 Nahuel Molina PO
48%
Nie znaleziono quizów pasujących do podanych kryteriów
Rozkład punktacji
Procent ludzi z każdym wynikiem
Percentyl według liczby udzielonych odpowiedzi
Twoja historia wyników
Nie rozwiązałeś tego quizu